000 00857cam a22002897a 4500
003 CHAP
005 20220329141809.0
008 971013s1981 r 00010 d
010 _a73986
011 _a74958
035 _a84517
040 _cCHAP
082 _a575
_bB3
100 0 0 _aBarrett, Paul H.
_eed.
_910472
245 1 2 _aA concordance to Darwin's origin of species
260 _aIthaca :
_bCornell University,
_c1981
300 _a834 p.
590 _aBATCH-UPD
_b10
_c20130110
_lUCH01
_h0140
590 _aBATCH-UPD
_b10
_c20130110
_lUCH01
_h2335
590 _aCONVERSION
_b10
_c20130109
_lUCH01
_h1340
650 1 4 _aEspecies
_xOrigen de las.
_937791
700 0 _aGottleber, Timothy T.
_950088
700 0 _aWeinshak, Donald J.
_9121375
901 _aBK
942 _cLIBRO
949 _a575 B3
_bBC
_cLIBRO
_d33724000479036
_eLIBRO
_h57421
_i84517
_si
999 _c73986
_d73986